[Event "Online Olym Div4 B"]
[Site "Chess.com INT"]
[Date "2021.08.20"]
[Round "3.3"]
[White "Al Khelaifi, Kholoud"]
[Black "Shriyan Santosh, Priyasha"]
[Result "0-1"]
[WhiteElo "1507"]
[BlackElo "1542"]
[PlyCount "50"]
[EventDate "2021.08.20"]
[EventType "team (rapid)"]
[EventRounds "11"]
[EventCountry "USA"]
[SourceTitle "CBM 203 Extra"]
[Source "ChessBase"]
[SourceDate "2021.09.30"]
[SourceVersion "1"]
[SourceVersionDate "2021.09.30"]
[SourceQuality "1"]
[WhiteTeam "Qatar"]
[BlackTeam "Malawi"]
[WhiteTeamCountry "QAT"]
[BlackTeamCountry "MWI"]

1. d4 g6 2. e3 Bg7 3. f4 Nf6 4. Nf3 d6 5. Bd3 0-0 6. 0-0 Nbd7 7. c4 e5 8. fxe5 dxe5 9. Nxe5 Nxe5 10. dxe5 Ng4 11. Be2 Nxe5 12. Qxd8 Rxd8 13. Nc3 Be6 14. b3 Nxc4 15. Bxc4 Bxc4 16. Bb2 Bxf1 17. Rxf1 Rd2 18. Rb1 Re8 19. e4 Rc2 20. Na4 Bxb2 21. Nxb2 Rxe4 22. Nc4 Ree2 23. Rd1 Rxg2+ 24. Kf1 Rxh2 25. Ne3 Rh1# 0-1

[Event "Wch FIDE Online U14 Girls Africa qual"]
[Site "Tornelo INT"]
[Date "2020.11.30"]
[Round "6"]
[White "Mohamed Azzab, Mareim"]
[Black "Shriyan Santosh, Priyasha"]
[Result "0-1"]
[WhiteElo "1333"]
[BlackElo "1067"]
[PlyCount "156"]
[EventDate "2020.11.28"]
[EventType "swiss (rapid)"]
[EventRounds "7"]
[EventCountry "ISS"]
[SourceTitle "EXT 2022"]
[Source "ChessBase"]
[SourceDate "2021.10.06"]
[SourceVersion "1"]
[SourceVersionDate "2021.10.06"]
[SourceQuality "1"]

1. e4 c5 2. Nf3 d6 3. c3 Nf6 4. h3 Nc6 5. Bd3 d5 6. exd5 Nxd5 7. Bc2 e6 8. 0-0 Be7 9. d4 cxd4 10. Nxd4 Nxd4 11. Qxd4 Bf6 12. Qd1 0-0 13. Nd2 a6 14. Nf3 Re8 15. Bb3 b5 16. Re1 Bb7 17. Qc2 Rc8 18. Qe2 Qb6 19. Bg5 Bxg5 20. Nxg5 h6 21. Nf3 Nf4 22. Qe3 Qc7 23. Rad1 Rcd8 24. Rxd8 Rxd8 25. Rd1 Nd5 26. Qe5 Qc8 27. Bc2 Nf6 28. Rxd8+ Qxd8 29. Qe2 Bd5 30. a3 Bc4 31. Qd1 Qc7 32. Bd3 Bd5 33. Be2 Qb6 34. Ne5 Ne4 35. Ng4 f5 36. Ne3 Nxf2 37. Kxf2 f4 38. Qd3 fxe3+ 39. Qxe3 Qd6 40. Qd4 Qf8+ 41. Kg1 Qf5 42. Qd1 Qg5 43. Qf1 Be4 44. Bg4 Bf5 45. Bxf5 exf5 46. Kh2 f4 47. Qf3 Kh7 48. Qe4+ Qg6 49. Qxg6+ Kxg6 50. g4 fxg3+ 51. Kxg3 Kg5 52. h4+ Kg6 53. Kg4 h5+ 54. Kf4 Kf6 55. Ke4 Ke6 56. b4 g6 57. Kf4 Kf6 58. Ke4 g5 59. hxg5+ Kxg5 60. Kd5 h4 61. Kc6 h3 62. Kb6 h2 63. Kxa6 h1Q 64. Kxb5 Qd5+ 65. Ka4 Qc6+ 66. Kb3 Kf5 67. a4 Ke5 68. a5 Kd5 69. Kc2 Qc4 70. Kb2 Ke4 71. Ka3 Qxc3+ 72. Ka4 Qa1+ 73. Kb5 Qf1+ 74. Kb6 Kd5 75. a6 Qf8 76. b5 Qb8+ 77. Ka5 Kc5 78. a7 Qxa7# 0-1

[Event "Africa-ch U14 Girls"]
[Site "Windhoek"]
[Date "2019.12.16"]
[Round "1.3"]
[White "Manto, Martha"]
[Black "Shriyan Santosh, Priyasha"]
[Result "0-1"]
[WhiteElo "1399"]
[BlackElo "1043"]
[PlyCount "61"]
[EventDate "2019.12.16"]
[EventType "swiss"]
[EventRounds "9"]
[EventCountry "NAM"]
[SourceTitle "EXT 2024"]
[Source "ChessBase"]
[SourceDate "2023.10.10"]
[SourceVersion "1"]
[SourceVersionDate "2023.10.10"]
[SourceQuality "1"]

1. e4 c5 2. c4 d6 3. d3 Nf6 4. Nd2 Nc6 5. Ngf3 Bg4 6. Be2 e6 7. h3 Bh5 8. b3 Be7 9. Bb2 h6 10. 0-0 0-0 11. Re1 Re8 12. Rc1 Qd7 13. d4 cxd4 14. Nxd4 Bxe2 15. Rxe2 Nb4 16. a3 Nd3 17. Rb1 Nxb2 18. Rxb2 d5 19. b4 dxc4 20. Nxc4 b5 21. Ne5 Qd6 22. f4 Nh5 23. Rf2 Nf6 24. Qd3 a6 25. Rbd2 Rac8 26. Nxf7 Kxf7 27. e5 Qb6 28. exf6 Bxf6 29. f5 Rcd8 30. fxe6+ Rxe6 31. Qb3 0-1